Statistics for Norske filmtitler - 2

Click here to take the quiz!

General Stats

  • This quiz has been taken 13 times
  • The average score is 3 of 21

Answer Stats

Utenlandsk filmtittelNorsk filmtittel% Correct
UpSe opp
64%
The Parent TrapForeldrefellen
45%
The NotebookDagboken
36%
Me Before YouEt helt halvt år
27%
Les MisérablesDe elendige
18%
The Emperors New GrooveEt kongerike for en lama
18%
Das BootUbåten
18%
Dead Poets SocietyDagen er din
9%
The Usual SuspectsDe mistenkte
9%
The Good, the Bad and the UglyDen gode, den onde og den grusomme
9%
A Beautiful MindEt vakkert sinn
9%
AirplaneHjelp vi flyr
9%
The Great Mouse DetectiveMesterdetektiven Basil Mus
9%
Fiddler on the RoofSpelemann på taket
9%
Reservoir DogsDe hensynsløse
0%
Eternal Sunshine on a Spotless MindEvig solskinn i et plettfritt sinn
0%
Office SpaceKontorrotter
0%
The GraduateManndomsprøven
0%
Once Upon a Time in AmericaOndt blod i Amerika
0%
The Black CauldronTaran og den sorte gryte
0%
The ThingTingen fra en annen verden
0%

Score Distribution

Percentile by Number Answered

Percent of People with Each Score

Your Score History

You have not taken this quiz